| 000 | 00839nam a2200253 i 4500 | ||
|---|---|---|---|
| 001 | bg | ||
| 100 | 1 | _aPIENIĄŻEK, Alicja | |
| 245 | 1 | 0 |
_aProcesy stochastyczne w problemach i zadaniach : _bskrypt dla studentów wyższych szkół technicznych / _cAlicja Pieniążek, Jadwiga Weiss, Adam Winiarz ; Politechnika Krakowska im. Tadeusza Kościuszki. |
| 260 |
_aKraków : _bPK, _c2000. |
||
| 300 |
_a247 s. : _bil. ; _c24 cm. |
||
| 504 | _aBibliogr. | ||
| 650 | 9 | _aRachunek prawdopodobieństwa | |
| 655 | _aPodręczniki akademickie | ||
| 700 | 1 | _aWEISS, Jadwiga | |
| 700 | 1 | _aWINIARZ, Adam | |
| 710 | 0 | _aPolitechnika Krakowska im. Tadeusza Kościuszki | |
| 020 | _a8372421013 | ||
| 040 | _cBPK | ||
| 041 | 0 | _apl | |
| 080 | _a519.2(075.8) | ||
| 920 | _a83-7242-101-3 | ||
| 942 | _cKS | ||
| 008 | s pl f |000 0 pol | ||
| 999 |
_c38862 _d38862 |
||
| 856 |
_uhttp://koha.tu.koszalin.pl/cgi-bin/koha/opac-detail.pl?biblionumber=38862 _yKatalog online BPK |
||